000 00434nam a22001697a 4500
005 20180313115737.0
008 160527b xxu||||| |||| 00| 0 eng d
020 _a81-7493-943-1
041 _aeng
082 _b5364
_a332.6
100 _aAvadhani, V.A.
_91169
245 _aInvestment and Securities Markets in India
260 _aNew Delhi
_bAcademic Faundation
_c2001
300 _a653
650 _aManagement
_9241
942 _cBK
999 _c1898
_d1897